Венгерова С. А.

Доступно только в Электронных читальных залах Найти на картеНа карте
RUSMARC
00003822nac2a22002771x 450
00111b91f52-1b71-4177-927b-fc870220d31d
00520140113101305.0
100##$a20130529l19051914k y0rusy50 ca
1010#$arus
102##$aRU
105##$ay z |||||
1222#$ad19051222
$ad19140508
2001#$aВенгерова С. А.
$j22 декабря 1905 - 8 мая 1914
215##$a10 листов
251##$cДело
300##$aЗаголовок дела на папке: Письма Венгерова С. А. Кони А. Ф.
300##$aРукописный текст
330##$aПереписка А. Ф. Кони; Письма к А. Ф. Кони
461#0$10013a54f2e3-e9cf-409b-80fa-f0a9bd3c40cb
$12001
$aКони Анатолий Федорович, юрист, литератор, член академии наук, председатель Санкт-Петербургского окружного суда, член государственного совета
$1251
$cФонд
$1852
$j564
462#0$100178a475cd-a47d-4377-bff3-cee4b81de655
$12001
$aОпись дел фонда А. Ф. Кони за 1880-1931 гг.
$1251
$cОпись
$1852
$j1
517##$aПисьма Венгерова С. А. Кони А. Ф.
600#1$aКони
$bА. Ф.
$f1844-1927
$gАнатолий Федорович
600#1$aВенгеров
$bС. А.
$gСемен Афанасьевич
801#0$aRU
$bGA_RF
801#1$aRU
$bНПО Опыт
$c20130529
$2rusmarc
801#2$aRU
$bПБ им. Б.Н. Ельцина
$c20140113
$gRCR
$2rusmarc
852##$aГА РФ
$j1366
937##$d42744870
$hПБ
035##$aRuPRLIB51002282
Формат отображения